Manual de guerra química / (Record no. 84128)

MARC details
000 -LEADER
campo de control de longitud fija 00607nam a2200193 i 4500
001 - NÚMERO DE CONTROL
campo de control 84128
003 - IDENTIFICADOR DE NÚMERO DE CONTROL
campo de control ES-MaACL
005 - FECHA Y HORA DE LA ÚLTIMA TRANSACCIÓN
campo de control 20250815111607.0
007 - CAMPO FIJO DE DESCRIPCIÓN FÍSICA--INFORMACIÓN GENERAL
campo de control de longitud fija t|
008 - DATOS DE LONGITUD FIJA--INFORMACIÓN GENERAL
campo de control de longitud fija 041119s1931 sp ||||1| spa d
100 1# - ENTRADA PRINCIPAL--NOMBRE DE PERSONA
Nombre de persona Izquierdo y Croselles, Juan.
9 (RLIN) 65749
245 10 - MENCIÓN DEL TÍTULO
Título Manual de guerra química /
Mención de responsabilidad, etc. por Juan Izquierdo y Croselles y Agustín Ripoll.
260 ## - PUBLICACIÓN, DISTRIBUCIÓN, ETC.
Lugar de publicación, distribución, etc. Madrid :
Nombre del editor, distribuidor, etc. [s.n.],
Fecha de publicación, distribución, etc. 1931 (
Fabricante Memorial de Artillería)
300 ## - DESCRIPCIÓN FÍSICA
Extensión XI, 328 p. :
Otras características físicas il. ;
Dimensiones 24 cm.
650 #7 - PUNTO DE ACCESO ADICIONAL DE MATERIA--TÉRMINO DE MATERIA
Término de materia o nombre geográfico como elemento de entrada Guerra química
Fuente del encabezamiento o término embne
9 (RLIN) 164431
700 1# - ENTRADA AGREGADA--NOMBRE PERSONAL
Nombre de persona Ripoll, Agustín.
9 (RLIN) 97422
852 ## - LOCALIZACIÓN
Ubicación ES-MaACL
Número de control de estantería A-2924
Holdings
Estatus retirado Estado de pérdida Estado de daño No para préstamo Biblioteca de origen Biblioteca actual Ubicación en estantería Fecha de adquisición Fuente de adquisición Total de préstamos Signatura topográfica completa Código de barras Visto por última vez Precio de reemplazo Tipo de ítem Koha
        Biblioteca del Ateneo de Madrid Biblioteca del Ateneo de Madrid Sala Pecera Planta 1 17/01/2008     A-2924 1087921 23/02/2023 23/02/2023 Libro impreso